Medaillenspiegel der Olympischen Sommerspiele 2020 - Statistiken

Allgemein
  • Dieses Quiz wurde 16.596 mal gespielt
  • Das Durchschnittsergebnis liegt bei 15 aus 20
Antwortstatistiken
Gesamt Mannschaft % Korrekt
10 11 16 37 Deutschland
99%
39 41 33 113 Vereinigte Staaten
99%
38 32 18 88 China
98%
10 12 11 33 Frankreich
94%
27 14 17 58 Japan
93%
20 28 23 71 ROC
93%
10 10 20 40 Italien
88%
7 6 11 24 Kanada
87%
7 6 8 21 Brasilien
86%
22 21 22 65 Großbritannien
84%
17 7 22 46 Australien
81%
4 5 5 14 Polen
73%
6 4 10 20 Südkorea
71%
10 12 14 36 Niederlande
68%
4 2 2 8 Norwegen
67%
7 6 7 20 Neuseeland
54%
4 4 3 11 Tschechien
44%
4 4 2 10 Kenia
38%
6 7 7 20 Ungarn
35%
7 3 5 15 Kuba
20%
Keine übereinstimmenden Quizze gefunden
Verteilung der Resultate
Anzahl Personen mit jedem Resultat
Perzentil nach korrekt beantworteten Fragen
Ihre Resultats-Entwicklung
Sie haben dieses Quiz noch nicht gespielt